[Event "V Sunway Sitges Open 2018"]
[Site "Sitges"]
[Date "2018.12.23"]
[Round "10"]
[White "Walter Travella, German"]
[Black "Gonzalez Pabollet, Jesus Maria S"]
[Result "1/2-1/2"]
[WhiteElo "1917"]
[BlackElo "1815"]
[Annotator "NA RC"]
[PlyCount "70"]
[EventDate "2018.12.14"]
[EventType "swiss"]
[EventCountry "ESP"]
[SourceTitle "playchess.com"]
[Source "ChessBase"]
[SourceQuality "1"]
[TimeControl "40/5400+30:1800+30"]

1. e4 {[%emt 0:34:30]} c5 {[%emt 0:00:00]} 2. Nf3 {[%emt 0:00:54]} e6 {[%emt 0:00:11]} 3. d4 {[%emt 0:00:14]} cxd4 {[%emt 0:00:30]} 4. Nxd4 {[%emt 0:00:11]} Nf6 {[%emt 0:05:20]} 5. Nc3 {[%emt 0:00:14]} Nc6 {[%emt 0:01:48]} 6. Be2 {[%emt 0:01:53]} a6 {[%emt 0:11:09]} (6... Bb4 $11) 7. O-O {[%emt 0:00:48]} ({White should play} 7. Nxc6 $16 bxc6 8. e5) 7... Be7 {[%emt 0:04:18] LiveBook: 3 Games B46: Sicilian: Taimanov: 5 Nc3 a6} (7... Qc7 $11 {keeps the balance.}) (7... d6 8. Be3 Be7 9. f4 O-O 10. Qe1 Nxd4 11. Bxd4 b5 12. a3 Bb7 13. Qg3 Bc6 14. Kh1 Qc7 15. Rae1 Rac8 16. e5 dxe5 17. Bxe5 Qb7 18. f5 a5 19. fxe6 fxe6 20. Bd3 Rf7 21. Qh3 b4 22. axb4 axb4 23. Ne2 {½-½ (45) Kulaots,K (2590)-Ladva,O (2517) Tallinn 2018}) 8. Nxc6 {[%emt 0:01:50]} dxc6 {[%emt 0:04:06]} 9. Qxd8+ {[%emt 0:00:10]} Bxd8 {[%emt 0:00:19]} 10. Bg5 $146 {[%emt 0:04:45]} (10. e5 $16 Nd7 11. f4) ({Predecessor:} 10. Bf4 b6 11. Rad1 Ra7 12. Rd2 Rd7 13. Rfd1 Rxd2 14. Rxd2 Nd7 15. f3 {1-0 (43) Komysheva,M (2050)-Zdrazil,B (1907) Olomouc 2013}) 10... h6 {[%emt 0:04:00]} 11. Be3 {[%emt 0:03:30]} Bc7 {[%emt 0:08:13]} 12. f4 {[%emt 0:01:26]} O-O {[%emt 0:06:16]} 13. g4 {[%emt 0:03:09]} b6 {[%emt 0:03:51]} 14. Rad1 {[%emt 0:08:41]} e5 {[%emt 0:12:04]} 15. f5 {[%emt 0:01:03]} b5 {[%emt 0:05:20]} 16. Bc5 {[%emt 0:01:35]} Re8 {[%emt 0:01:41]} 17. Bf3 $14 {[%emt 0:01:01]} Nd7 {[%emt 0:03:14]} 18. Be3 {[%emt 0:00:32]} Nb6 {[%emt 0:01:42]} 19. b3 {[%emt 0:00:20]} Bb7 {[%emt 0:01:00]} 20. Kg2 {[%emt 0:00:32]} Rad8 {[%emt 0:01:32]} 21. h4 {[%emt 0:00:40]} Rxd1 {[%emt 0:05:18]} 22. Rxd1 {[%emt 0:02:41]} Rd8 {[%emt 0:00:43]} 23. f6 {[%emt 0:03:15]} Rxd1 {[%emt 0:01:53]} 24. Nxd1 {[%emt 0:01:25]} Nd7 {[%emt 0:00:15]} 25. fxg7 {[%emt 0:00:48]} Kxg7 {[%emt 0:00:17]} 26. g5 {[%emt 0:01:41]} hxg5 {[%emt 0:00:53]} 27. Bxg5 {[%emt 0:01:59]} f6 {[%emt 0:01:09]} 28. Bd2 {[%emt 0:01:17]} Nf8 {[%emt 0:05:19]} 29. Ne3 {[%emt 0:00:29]} Ng6 {[%emt 0:01:28]} 30. Nf5+ {[%emt 0:00:15]} Kh7 {[%emt 0:02:52]} 31. h5 {[%emt 0:00:49]} Nf4+ {[%emt 0:01:32]} 32. Bxf4 {[%emt 0:04:56]} exf4 {[%emt 0:00:04]} 33. Nd4 {[%emt 0:00:24]} Be5 {[%emt 0:05:15]} 34. Ne6 {[%emt 0:01:10]} Bc8 {[%emt 0:00:20]} 35. Bg4 {[%emt 0:04:35]} Bxe6 {[%emt 0:01:12]} 1/2-1/2

[Event "V Sunway Sitges Open 2018"]
[Site "Sitges"]
[Date "2018.12.23"]
[Round "10"]
[White "Garcia Punzano, Josep Lluis"]
[Black "Isaksson, Philip"]
[Result "0-1"]
[WhiteElo "1759"]
[BlackElo "1459"]
[Annotator "NA RC"]
[PlyCount "81"]
[EventDate "2018.12.14"]
[EventType "swiss"]
[EventCountry "ESP"]
[SourceTitle "playchess.com"]
[Source "ChessBase"]
[SourceQuality "1"]
[TimeControl "40/5400+30:1800+30"]

1. d4 d5 2. c4 {[%emt 0:00:25]} e6 {[%emt 0:00:02]} 3. g3 {[%emt 0:00:09]} Be7 {[%emt 0:01:20]} 4. Bg2 {[%emt 0:00:08]} Nf6 {[%emt 0:00:10]} 5. Nf3 {[%emt 0:00:22]} O-O {[%emt 0:00:08]} 6. Qc2 {[%emt 0:00:13]} h6 {[%emt 0:03:26]} 7. O-O {[%emt 0:00:10]} c6 {[%emt 0:14:00]} 8. Nbd2 {[%emt 0:00:30]} b6 {[%emt 0:00:58]} 9. e4 {[%emt 0:01:03]} dxe4 {[%emt 0:00:59]} 10. Nxe4 {[%emt 0:00:31]} Nxe4 {[%emt 0:00:04]} 11. Qxe4 {[%emt 0:00:11]} Bb7 {[%emt 0:01:23]} 12. Ne5 Bf6 13. Be3 {[%emt 0:05:23]} Bxe5 {[%emt 0:06:29]} 14. dxe5 {[%emt 0:00:23]} Qc7 {[%emt 0:00:10]} 15. Rad1 {[%emt 0:03:51]} Na6 {[%emt 0:06:17]} 16. h4 {[%emt 0:00:56]} Rab8 {[%emt 0:00:18]} 17. Qg4 {[%emt 0:00:23]} Kh8 {[%emt 0:03:10]} 18. Qh5 {[%emt 0:00:54]} c5 {[%emt 0:03:49]} 19. Bxb7 {[%emt 0:04:43]} Qxb7 {[%emt 0:01:48]} 20. Bg5 {[%emt 0:00:12]} Kg8 {[%emt 0:00:55]} 21. Bf4 {[%emt 0:13:18]} Rfd8 {[%emt 0:02:35]} 22. Rd6 {[%emt 0:02:39]} Nb4 {[%emt 0:01:37]} 23. Rfd1 {[%emt 0:02:49]} Qe7 {[%emt 0:00:35]} 24. Qg4 {[%emt 0:00:53]} Kh8 {[%emt 0:00:53]} 25. Qe2 {[%emt 0:04:10]} Qc7 {[%emt 0:02:32]} 26. a3 {[%emt 0:00:52]} Nc6 {[%emt 0:00:08]} 27. g4 {[%emt 0:06:50]} Nd4 {[%emt 0:01:50]} 28. Qe3 {[%emt 0:01:03]} Kg8 {[%emt 0:06:47]} 29. h5 {[%emt 0:01:35]} Rbc8 {[%emt 0:09:32]} 30. Qe4 {[%emt 0:03:20]} Qe7 {[%emt 0:04:55]} 31. Be3 {[%emt 0:02:16]} Rxd6 {[%emt 0:02:20]} 32. exd6 {[%emt 0:00:03]} Qxd6 {[%emt 0:00:13]} 33. Bxd4 {[%emt 0:00:09]} cxd4 {[%emt 0:00:31]} 34. Rxd4 Qc7 {[%emt 0:01:18]} 35. b4 {[%emt 0:01:31]} e5 {[%emt 0:00:47]} 36. Rd5 {[%emt 0:00:44]} Qxc4 {[%emt 0:00:21]} 37. Rd8+ {[%emt 0:00:02]} Rxd8 {[%emt 0:00:59]} 38. Qxc4 {[%emt 0:00:05]} Rd4 {[%emt 0:00:07]} 39. Qc7 {[%emt 0:00:27]} Rxg4+ {[%emt 0:00:22]} 40. Kf1 {[%emt 0:00:19]} Rh4 {[%emt 0:00:44]} 41. Qd8+ {[%emt 0:30:07]} 0-1

[Event "V Sunway Sitges Open 2018"]
[Site "Sitges"]
[Date "2018.12.23"]
[Round "10"]
[White "Isaksson, Max"]
[Black "Taylor, Robert Graham"]
[Result "1/2-1/2"]
[WhiteElo "1409"]
[BlackElo "1831"]
[Annotator "NA RC"]
[PlyCount "47"]
[EventDate "2018.12.14"]
[EventType "swiss"]
[EventCountry "ESP"]
[SourceTitle "playchess.com"]
[Source "ChessBase"]
[SourceQuality "1"]
[TimeControl "40/5400+30:1800+30"]

{[%evp 18,41,54,30,68,61,114,72,32767,32767,134,32767,32767,110,131,114,141,114,145,144,165,32767,32767,32767,32767,-10]} 1. e4 {[%emt 0:00:00]} Nf6 {[%emt 0:00:06]} 2. Nc3 {[%emt 0:00:05]} d6 {[%emt 0:01:26]} 3. d4 {[%emt 0:01:15]} g6 {[%emt 0:00:50]} 4. h3 {[%emt 0:01:42]} Bg7 {[%emt 0:00:30]} 5. Nf3 {[%emt 0:00:14]} O-O {[%emt 0:00:36]} 6. Be2 {[%emt 0:00:44]} c6 {[%emt 0:04:18]} 7. a4 {[%emt 0:00:09]} Nbd7 {[%emt 0:04:17]} 8. O-O {[%emt 0:00:09]} e5 {[%emt 0:00:33]} 9. dxe5 {[%emt 0:03:43]} dxe5 {[%emt 0:06:12]} 10. Be3 {[%emt 0:00:12]} Qc7 {[%emt 0:02:09]} 11. Bc4 {[%emt 0:01:57] LiveBook: 41 Games} h6 {[%emt 0:05:49] B08: Pirc Defence: Classical System} (11... b6 12. Qd2 Bb7 13. Rfd1 a6 14. Qd6 Rac8 15. g4 b5 16. Bb3 Qxd6 17. Rxd6 Nb8 18. Bc5 b4 19. Bxb4 c5 20. Ba3 Nxe4 21. Nxe4 Bxe4 {1-0 (65) Bellia,F (2432)-Rotstein,A (2495) Forni di Sopra 2017}) 12. Qe2 {[%emt 0:02:24]} Kh7 {[%emt 0:04:50]} 13. Rfd1 {[%emt 0:02:35]} Nh5 {[%emt 0:04:30]} 14. Bb3 $146 {[%emt 0:01:47]} ({Predecessor:} 14. g3 Qa5 15. Kh2 Nc5 16. Nd2 Ne6 17. Nb3 Qc7 18. a5 {0-1 (29) Neumann,A (2210)-Geyer,B (2090) Germany 2000}) 14... Nf4 {[%emt 0:01:16]} 15. Qd2 {[%emt 0:04:11]} g5 {[%emt 0:02:20]} 16. Qd6 {[%emt 0:07:01]} Qxd6 {[%emt 0:08:59]} 17. Rxd6 {[%emt 0:00:17]} Ng6 {[%emt 0:01:37]} 18. Rad1 {[%emt 0:06:44]} Nf6 {[%emt 0:03:01]} 19. Bc5 {[%emt 0:26:02]} g4 {[%emt 0:05:46]} 20. hxg4 {[%emt 0:02:19]} Bxg4 {[%emt 0:00:32]} 21. Rxf6 $11 {[%emt 0:03:08]} (21. R6d3 $16) 21... Bxf6 {[%emt 0:00:38]} 22. Bxf8 {[%emt 0:00:15]} Rxf8 {[%emt 0:01:22]} 23. Rd6 {[%emt 0:00:57]} Be7 {[%emt 0:04:06]} 24. Rd2 {[%emt 0:02:43]} 1/2-1/2

[Event "V Sunway Sitges Open 2018"]
[Site "Sitges"]
[Date "2018.12.23"]
[Round "10"]
[White "Anirudh Daga"]
[Black "Ribon Calabia, Mariano"]
[Result "0-1"]
[WhiteElo "1356"]
[BlackElo "1726"]
[Annotator "NA RC"]
[PlyCount "118"]
[EventDate "2018.12.14"]
[EventType "swiss"]
[EventCountry "ESP"]
[SourceTitle "playchess.com"]
[Source "ChessBase"]
[SourceQuality "1"]
[TimeControl "40/5400+30:1800+30"]

1. e4 {[%emt 0:00:00]} c5 {[%emt 0:00:00]} 2. Nf3 {[%emt 0:00:00]} Nc6 {[%emt 0:00:00]} 3. d4 {[%emt 0:00:10]} cxd4 {[%emt 0:00:00]} 4. Nxd4 {[%emt 0:00:19]} Nf6 {[%emt 0:01:28]} 5. Nc3 {[%emt 0:00:37]} e5 {[%emt 0:01:49]} 6. Ndb5 {[%emt 0:00:49]} d6 {[%emt 0:00:58]} 7. Bg5 {[%emt 0:01:23]} a6 {[%emt 0:03:10]} 8. Bxf6 {[%emt 0:02:31]} gxf6 {[%emt 0:00:38]} 9. Na3 {[%emt 0:00:31]} f5 {[%emt 0:13:19]} 10. Bd3 {[%emt 0:07:03]} f4 {[%emt 0:00:49]} 11. Nd5 {[%emt 0:04:44]} Be6 {[%emt 0:11:07]} 12. c3 {[%emt 0:04:42]} Bg7 {[%emt 0:06:50]} 13. Nc2 {[%emt 0:05:46]} O-O {[%emt 0:01:58]} 14. Qe2 {[%emt 0:04:57]} Bh6 {[%emt 0:04:21]} 15. f3 {[%emt 0:02:36]} Kh8 {[%emt 0:04:57]} 16. O-O-O {[%emt 0:04:21]} b5 {[%emt 0:04:36]} 17. Kb1 {[%emt 0:02:05]} Na5 {[%emt 0:03:16]} 18. g3 {[%emt 0:05:14]} Rg8 {[%emt 0:03:25]} 19. g4 {[%emt 0:02:43]} Bg5 {[%emt 0:01:03]} 20. h4 {[%emt 0:00:51]} Be7 {[%emt 0:01:19]} 21. Ncb4 {[%emt 0:04:09]} Bf8 {[%emt 0:04:59]} 22. g5 {[%emt 0:01:52]} Be7 {[%emt 0:02:21]} 23. Nxe7 {[%emt 0:01:28]} Qxe7 {[%emt 0:00:08]} 24. Nd5 {[%emt 0:00:22]} Qd8 {[%emt 0:02:22]} 25. Nf6 {[%emt 0:00:41]} Rg6 {[%emt 0:00:33]} 26. Rdg1 {[%emt 0:04:34]} Nc4 {[%emt 0:04:33]} 27. h5 Rxf6 {[%emt 0:01:41]} 28. gxf6 {[%emt 0:01:34]} Qxf6 {[%emt 0:00:23]} 29. Bxc4 {[%emt 0:01:29]} Bxc4 {[%emt 0:00:39]} 30. Qg2 {[%emt 0:00:33]} d5 {[%emt 0:00:48]} 31. exd5 {[%emt 0:06:20]} Bxd5 {[%emt 0:00:37]} 32. Rh2 {[%emt 0:03:31]} a5 {[%emt 0:01:35]} 33. Qg5 {[%emt 0:00:43]} Qxg5 {[%emt 0:01:08]} 34. Rxg5 {[%emt 0:00:06]} f6 {[%emt 0:00:40]} 35. Rg1 {[%emt 0:01:52]} Bxf3 {[%emt 0:00:11]} 36. Rf1 {[%emt 0:00:34]} Be4+ {[%emt 0:02:17]} 37. Kc1 {[%emt 0:00:22]} Rc8 {[%emt 0:03:27]} 38. h6 {[%emt 0:05:47]} Kg8 {[%emt 0:02:57]} 39. Rg1+ {[%emt 0:01:40]} Bg6 {[%emt 0:00:06]} 40. Rd2 {[%emt 0:00:00]} b4 {[%emt 0:00:00]} 41. Rd7 {[%emt 0:03:51]} bxc3 {[%emt 0:02:57]} 42. bxc3 {[%emt 0:02:01]} Rxc3+ {[%emt 0:00:23]} 43. Kd2 {[%emt 0:01:13]} Rc2+ {[%emt 0:00:38]} 44. Kd1 {[%emt 0:00:14]} Rxa2 {[%emt 0:00:42]} 45. Rg7+ {[%emt 0:02:07]} Kh8 {[%emt 0:00:32]} 46. Rc7 {[%emt 0:00:16]} Kg8 {[%emt 0:00:28]} 47. Rg7+ {[%emt 0:00:30]} Kf8 {[%emt 0:00:54]} 48. R7xg6 {[%emt 0:03:07]} hxg6 {[%emt 0:00:09]} 49. h7 {[%emt 0:00:09]} Kg7 {[%emt 0:00:58]} 50. Rxg6+ {[%emt 0:00:12]} Kxh7 {[%emt 0:00:08]} 51. Rxf6 {[%emt 0:00:05]} Ra4 {[%emt 0:00:54]} 52. Re6 {[%emt 0:01:22]} Re4 {[%emt 0:00:09]} 53. Ra6 {[%emt 0:00:16]} a4 {[%emt 0:00:15]} 54. Kd2 {[%emt 0:00:18]} Kg7 {[%emt 0:00:12]} 55. Kd3 {[%emt 0:00:42]} Re3+ {[%emt 0:00:08]} 56. Kd2 {[%emt 0:00:23]} a3 {[%emt 0:00:07]} 57. Kd1 {[%emt 0:00:34]} f3 {[%emt 0:00:29]} 58. Kd2 {[%emt 0:00:23]} Re2+ {[%emt 0:00:27]} 59. Kc1 {[%emt 0:00:12]} f2 {[%emt 0:00:26]} 0-1

[Event "V Sunway Sitges Open 2018"]
[Site "Sitges"]
[Date "2018.12.23"]
[Round "11"]
[White "Andreikin, Dmitry"]
[Black "Sasikiran, Krishnan"]
[Result "0-1"]
[WhiteElo "2719"]
[BlackElo "2673"]
[Annotator "TA"]
[PlyCount "96"]
[EventDate "2018.12.14"]
[EventType "swiss"]
[EventCountry "ESP"]
[SourceTitle "playchess.com"]
[Source "ChessBase"]
[SourceQuality "1"]

{[%evp 16,96,0,-2,29,-3,-6,-23,4,-15,15,-55,-61,-53,-57,-32,-39,-119,-114,-172,-155,-170,-165,-197,-145,-148,-141,-129,-119,-129,-129,-162,-129,-128,-131,-219,-213,-222,-229,-263,-266,-335,-320,-338,-306,-511,-388,-675,-491,-598,-598,-590,-574,-642,-631,-649,-614,-598,-597,-583,-571,-742,-750,-1023,-961,-1261,-1260,-1218,-1168,-1133,-1117,-854,-811,-779,-725,-1077,-1002,-1256,-1237,-1274,-1336,-1362,-1321]} 1. e4 c5 2. Nc3 d6 3. Nge2 Nf6 4. g3 g6 5. Bg2 Bg7 6. O-O Nc6 7. d3 Rb8 8. h3 O-O 9. f4 {LiveBook: 104 Games} e6 {B25: Closed Sicilian: 3 g3, lines without early Be3} (9... Nd7 10. Nd5 e6 11. Ne3 b5 12. f5 Bb7 13. c3 b4 14. Ng4 bxc3 15. bxc3 exf5 16. exf5 Nce5 17. Bxb7 Rxb7 {½-½ (46) Aronian,L (2764)-Vachier Lagrave,M (2789) Leuven 2018}) 10. g4 d5 11. g5 $146 ({Predecessor:} 11. Ng3 dxe4 12. dxe4 Qxd1 13. Rxd1 Nd4 14. Rd2 Nd7 15. Nge2 e5 16. f5 b5 17. g5 gxf5 18. Nd5 fxe4 19. Bxe4 Nb6 20. Ne7+ Kh8 21. Nxd4 {0-1 (21) Simoes,W-Sischy,M Cape Town 2002}) 11... Ne8 {Black has an edge.} 12. Ng3 {[%cal Re4d5]} dxe4 13. Ncxe4 (13. dxe4 $11 Qxd1 14. Rxd1) 13... b6 $15 14. c3 Bb7 15. h4 Ne7 16. Be3 (16. h5 $15) 16... Nf5 $17 17. Qe2 (17. Nxf5 $17 exf5 18. Nf2) 17... Nxh4 $19 18. Bh1 Nf5 19. Rad1 Nxg3 ({Black should play} 19... h5 $19 20. gxh6 Bxh6 21. Nxf5 exf5) 20. Nxg3 $17 Bxh1 21. Kxh1 Nd6 22. d4 Qc7 23. Qf3 Nf5 24. Nxf5 exf5 ({Reject} 24... gxf5 25. dxc5 bxc5 26. Rd2 $15) 25. d5 (25. dxc5 $17 bxc5 26. Rf2) 25... Rfe8 $19 26. Kg2 Re4 27. d6 Qd7 28. Rh1 Rbe8 {[%cal Bb8e8,Be8e6,Be6d6,Bd6d2][%mdl 32]} 29. Bf2 R8e6 30. Qh3 $2 (30. a3) 30... Rxd6 31. Rde1 $2 (31. Qf3) 31... Qc6 {aiming for ...Rxe1+.Black is clearly winning.} 32. Rxe4 Qxe4+ {[%mdl 64] [#] Double Attack} 33. Qf3 Rd2 34. Qxe4 fxe4 {[%mdl 4096] Endgame KRB-KRB} 35. Re1 Rxb2 36. Rxe4 Bxc3 37. Kf3 Rxa2 38. Bg3 Bd4 39. Kg4 Kg7 40. f5 gxf5+ 41. Kxf5 a5 42. Bc7 Rf2+ 43. Kg4 f5+ 44. gxf6+ Rxf6 45. Kh5 Rc6 46. Re7+ Kf6 47. Bd8 Kf5 48. Rb7 c4 {Accuracy: White = 20%, Black = 78%.} 0-1

[Event "V Sunway Sitges Open 2018"]
[Site "Sitges"]
[Date "2018.12.23"]
[Round "12"]
[White "Sasikiran, Krishnan"]
[Black "Andreikin, Dmitry"]
[Result "0-1"]
[WhiteElo "2673"]
[BlackElo "2719"]
[Annotator "TA"]
[PlyCount "54"]
[EventDate "2018.12.14"]
[EventType "swiss"]
[EventCountry "ESP"]
[SourceTitle "playchess.com"]
[Source "ChessBase"]
[SourceQuality "1"]

{[%evp 10,54,21,22,50,45,53,-12,17,22,18,-72,-77,-73,-18,-89,-32,-108,-16,-31,-16,-32,-17,-28,0,0,-8,-17,0,-77,-77,-106,-106,-287,-252,-541,-539,-538,-538,-516,-529,-556,-469,-1664,-1606,-29962,-2612]} 1. e4 g6 2. d4 Bg7 3. c3 d6 4. Bc4 Nf6 5. Qe2 O-O 6. Nf3 {LiveBook: 23 Games. B06: Modern Defence} Bg4 7. Nbd2 Nh5 8. Nf1 (8. h3 $14 Nf4 9. Qd1 (9. Qf1 Be6 $14)) 8... e5 9. dxe5 Nc6 10. Be3 $146 (10. exd6 $11 Qxd6 11. Be3) ({Predecessor:} 10. h3 Bxf3 11. gxf3 Nxe5 12. Bb3 Qf6 13. Nh2 a5 14. Bc2 Nf4 15. Qf1 {0-1 (69) Lindberg,B (2392)-Hillarp Persson,T (2474) Malmo 2003}) 10... Nxe5 $17 11. N1d2 Qe7 (11... Re8 $17) 12. Bb3 (12. h3 $1 $11 Bxf3 13. Nxf3) 12... a5 (12... Nxf3+ $17 13. gxf3 Be6) 13. a3 {[#]} (13. Bc2 $1 $15) 13... Kh8 ({Black should try} 13... Nxf3+ $1 $17 14. gxf3 Be6) 14. h3 $11 Nxf3+ 15. Nxf3 Bd7 16. Bc2 Rae8 17. O-O Bc6 18. Rfe1 Qd7 19. Bd4 (19. Nd2 $1 $11) 19... f5 $17 20. e5 Nf4 21. Qd2 $2 {[#]} (21. Qd1 $17 {is a better defense.}) 21... Nxg2 $1 $19 {[%mdl 512]} 22. e6 $2 (22. Kxg2 dxe5 23. Be3 Bxf3+ 24. Kxf3 Qc6+ 25. Ke2) 22... Nxe1 23. Rxe1 Rxe6 24. Rxe6 Qxe6 25. Qh6 {[%csl Gd4][%cal Rh6g7]} Rf7 26. Bb3 (26. Qxh7+ $142 Kxh7 27. Ng5+ Kh6 28. Nxe6 Bxd4 29. Nxd4) 26... Qxb3 27. Ng5 Bxd4 {Accuracy: White = 17%, Black = 43%.} 0-1

[Event "V Sunway Sitges Open 2018"]
[Site "Sitges"]
[Date "2018.12.23"]
[Round "13"]
[White "Sasikiran, Krishnan"]
[Black "Andreikin, Dmitry"]
[Result "1-0"]
[WhiteElo "2673"]
[BlackElo "2719"]
[Annotator "TA"]
[PlyCount "91"]
[EventDate "2018.12.14"]
[EventType "swiss"]
[EventCountry "ESP"]
[SourceTitle "playchess.com"]
[Source "ChessBase"]
[SourceQuality "1"]

{[%evp 19,91,40,40,38,50,43,80,73,88,91,73,77,90,100,203,124,135,108,275,264,334,333,332,297,304,305,300,242,434,377,338,119,112,98,129,118,106,60,109,68,47,51,61,47,64,68,60,30,63,61,193,170,230,239,315,319,275,285,282,282,489,396,528,360,581,570,543,555,29985,29986,29985,29986,29986,29987]} 1. Nf3 g6 2. d4 d6 3. Bg5 Bg7 4. c3 Nf6 5. Nbd2 h6 6. Bh4 g5 7. Bg3 Nh5 8. e4 Nxg3 9. hxg3 e6 {A48: 1 d4 Nf6 2 Nf3 g6: Torre, London and Colle Systems} (9... c5 10. dxc5 dxc5 11. Bc4 Qb6 12. Rb1 Be6 13. O-O Nd7 14. Bd5 Bg4 15. Nc4 Qc7 16. Qb3 O-O-O 17. Na5 {1-0 (28) Carlsen,M (2850)-Guseinov,G (2634) Berlin 2015}) 10. Nc4 Nd7 {LiveBook: 3 Games} 11. Ne3 Qe7 {White is slightly better.} 12. Bd3 b6 $146 ({Predecessor:} 12... Nf6 13. Qb3 d5 14. exd5 Nxd5 15. Nxd5 exd5+ 16. Kd2 c6 17. Rae1 {½-½ (80) Miles,A (2590)-Byrne,R (2460) New York 1994}) 13. Qe2 Bb7 14. Nd2 a6 15. f4 c5 16. e5 b5 (16... gxf4 $16 17. gxf4 cxd4 18. cxd4 b5) 17. Ne4 Bxe4 18. Bxe4 d5 $2 {[#]} (18... Ra7 $16 {is a better defense.}) 19. Bxd5 $1 $18 {[%mdl 512]} exd5 20. Nf5 Qf8 21. Nd6+ Kd8 22. Qf3 Kc7 23. Qxd5 {[%mdl 64] aiming for Qb7+. Double Attack} Rb8 $2 (23... Ra7 24. Nxf7 Rg8) 24. dxc5 Qe7 25. Nf5 $2 (25. O-O $18) 25... Qxc5 $16 26. Qxc5+ ({Much weaker is} 26. Qxf7 $6 Qf8 $14) 26... Nxc5 27. Nxg7 gxf4 28. gxf4 Rbg8 $1 {[%cal Rg8g7]} 29. Nh5 Rxg2 {...Nd3+ is the strong threat.} 30. O-O-O $36 {[%mdl 2048] White has the initiative.} Na4 31. Rd2 Rxd2 32. Kxd2 Nxb2 $14 {[%mdl 4096] Endgame KRN-KRN} 33. Rg1 Rd8+ 34. Ke3 Rd3+ (34... Nd1+ $14 35. Kf3 Kc6) 35. Ke4 $18 Rxc3 {[#]} (35... Kc6 $142) 36. Rg7 $1 Nc4 37. Rxf7+ Kc6 38. Rf6+ Kb7 39. Rxh6 b4 $2 (39... Re3+ {might work better.} 40. Kd4 Re1) 40. e6 Kc7 41. Nf6 Nd6+ $2 (41... Kc6 42. f5 Nd6+ 43. Kf4 Rc4+ 44. Kg5 Rc5) 42. Kd5 {And now Rh7+ would win.} Rd3+ 43. Kc5 a5 {intending ...Rc3+.} 44. Nd5+ {White mates.} Rxd5+ 45. Kxd5 Nf5 46. Rh7+ {Accuracy: White = 61%, Black = 38%.} 1-0

[Event "V Sunway Sitges Open 2018"]
[Site "Sitges"]
[Date "2018.12.23"]
[Round "14"]
[White "Sasikiran, Krishnan"]
[Black "Inarkiev, Ernesto"]
[Result "1-0"]
[WhiteElo "2673"]
[BlackElo "2717"]
[Annotator "TA"]
[PlyCount "132"]
[EventDate "2018.12.14"]
[EventType "swiss"]
[EventCountry "ESP"]
[SourceTitle "playchess.com"]
[Source "ChessBase"]
[SourceQuality "1"]

{[%evp 24,132,12,14,22,18,16,25,22,20,30,0,93,93,116,125,116,106,124,111,122,87,79,62,92,102,108,62,33,41,317,336,327,303,276,115,124,98,143,95,117,64,165,156,192,209,180,78,202,182,176,123,145,142,257,257,357,354,379,372,399,399,396,395,541,517,506,337,582,582,732,732,708,708,29966,29961,29967,29962,29963,350,29962,29962,29968,29969,29969,29967,29972,29973,29974,29975,29975,29971,29976,0,0,0,29976,29977,29977,29978,29978,29979,29979,29980,29980,29979,29985,29986,29986,29985,29985]} 1. e4 e5 2. Nf3 Nc6 3. Bb5 {[%cal Bf1b5,Bb5a4,Ba4b3][%mdl 32]} a6 4. Ba4 Nf6 5. O-O Be7 6. Re1 b5 7. Bb3 O-O 8. a4 b4 9. a5 d6 10. d3 Be6 11. Bxe6 {C88: Closed Ruy Lopez: Anti-Marshall Systems} fxe6 12. Nbd2 Rb8 13. c3 {LiveBook: 12 Games. The position is equal.} Rb5 14. d4 bxc3 15. bxc3 exd4 16. cxd4 Nxa5 17. d5 {[#] And now Nd4 would win.} exd5 $146 (17... e5 $1 $11) ({Predecessor:} 17... e5 18. Qc2 {1-0 (60) Smith,A (2499)-Hammer,J (2689) Drancy 2016}) 18. Nd4 $16 Qd7 19. Nxb5 Qxb5 20. exd5 Nxd5 21. Ra3 Nc6 22. Ne4 {[%mdl 1024] White has strong compensation.} Ne5 23. Rb3 Qc4 24. Bb2 Ng6 25. Rf3 Ndf4 26. g3 Nd5 $2 {[%mdl 8192]} ({Black should try} 26... Nh3+ $14 27. Kh1 d5) 27. Rxf8+ $18 Bxf8 28. Qg4 Nb6 29. Qf5 (29. h4 $18) 29... Qd5 $16 30. Qf3 Qf7 31. Qd3 h6 32. Rc1 (32. Qxa6 $16 Nc4 33. Bc3) 32... Nd5 (32... d5 $14) 33. Qxa6 $18 Kh7 34. Qc4 Qf5 35. Rd1 (35. Ra1 $18 {and White stays clearly on top.}) 35... Nge7 (35... Ndf4 $16 36. Qc2 Nh3+ 37. Kf1 Qf3) 36. Qd3 Kg8 37. Re1 (37. Qc2 $18) 37... Qf7 38. Qc4 Kh7 (38... Nc8 $16 {was necessary.} 39. Qe2 c5) 39. Nc3 Qf5 40. Nxd5 Nxd5 41. Rd1 Nf6 42. Bxf6 Qxf6 43. Qxc7 {[%mdl 4096] Endgame KQR-KQB} h5 44. Qc2+ g6 45. Qe4 Bg7 $2 (45... Qe7 {might work better.} 46. Qf3 Kg8) 46. h4 Kg8 47. Qd5+ Kh7 48. Qxd6 Qf5 49. Qd7 Qf3 50. Rd3 Qe4 51. Qd5 $2 (51. Re3 Qd4 52. Qe8 Qd1+ 53. Re1 Qd5 54. Re6 Qd1+ 55. Kh2 Qd3 56. Kg2) 51... Qe1+ $2 (51... Qxd5 $18 52. Rxd5 Bf8) 52. Kg2 Qe7 53. Re3 Qc7 54. Re8 Qa7 55. Rd8 Qe7 56. Rd7 Qf6 57. Qf7 Qe5 {[#]} 58. Kf3 $2 (58. Qxg7+ $1 {mates} Qxg7 59. Rxg7+ Kxg7 60. Kf3 Kf7 61. Kf4 Kg7 62. Kg5 Kf7 63. Kh6) 58... Qc3+ $1 $11 59. Kg2 $2 {[%mdl 8192]} (59. Ke2 $11 Qb2+ 60. Kf3 Qc3+ 61. Kg2) 59... Qe5 $1 {[#]} 60. Qxg7+ $1 {White mates.} Qxg7 61. Rxg7+ Kxg7 {K3P-KPP} 62. Kf3 Kf7 63. Kf4 Kf6 64. f3 g5+ 65. hxg5+ Kg6 66. Ke4 Kxg5 {Accuracy: White = 50%, Black = 26%.} 1-0